[Event "Cologne Ford op"]
[Site "Cologne"]
[Date "2010.06.07"]
[Round "7"]
[White "Neuens, Heiko"]
[Black "Steger, Markus"]
[Result "1/2-1/2"]
[WhiteElo "1925"]
[BlackElo "1630"]
[PlyCount "88"]
[EventDate "2010.04.19"]
[EventType "swiss"]
[EventRounds "7"]
[EventCountry "GER"]
[SourceTitle "EXT 2011"]
[Source "ChessBase"]
[SourceDate "2010.11.26"]
[SourceVersion "1"]
[SourceVersionDate "2010.11.26"]
[SourceQuality "1"]

1. e4 c6 2. d4 d5 3. exd5 cxd5 4. c4 Nf6 5. Nc3 e6 6. Nf3 Be7 7. cxd5 Nxd5 8. Bd3 Nc6 9. 0-0 0-0 10. Re1 Nf6 11. a3 b6 12. Bg5 Bb7 13. Rc1 Rc8 14. Bb1 Nd5 15. Qd3 g6 16. Bh6 Re8 17. Ba2 Nxc3 18. Rxc3 Bf6 19. d5 exd5 20. Bxd5 Rxe1+ 21. Nxe1 Ne5 22. Bxb7 Nxd3 23. Rxc8 Qxc8 24. Bxc8 Nxe1 25. b3 Nd3 26. Ba6 Nc5 27. Bc4 Ne6 28. Bxe6 fxe6 29. Kf1 Bd4 30. Ke2 Kf7 31. f3 e5 32. Kd3 Ke6 33. Ke4 Bc5 34. a4 Be7 35. Be3 Bb4 36. Bh6 a6 37. Bg7 Bd6 38. Bh6 b5 39. h3 Bb4 40. Bg7 Bd6 41. Bh6 Bb4 42. f4 exf4 43. Bxf4 Bc5 44. g4 Bg1 1/2-1/2

[Event "Cologne Ford op"]
[Site "Cologne"]
[Date "2010.05.10"]
[Round "4"]
[White "Wolff, Michael"]
[Black "Steger, Markus"]
[Result "1-0"]
[WhiteElo "1888"]
[BlackElo "1630"]
[PlyCount "77"]
[EventDate "2010.04.19"]
[EventType "swiss"]
[EventRounds "7"]
[EventCountry "GER"]
[SourceTitle "EXT 2011"]
[Source "ChessBase"]
[SourceDate "2010.11.26"]
[SourceVersion "1"]
[SourceVersionDate "2010.11.26"]
[SourceQuality "1"]

1. e4 c6 2. d4 d5 3. exd5 cxd5 4. c4 Nf6 5. Nc3 e6 6. Nf3 Be7 7. c5 0-0 8. Bd3 b6 9. b4 a5 10. Na4 Nbd7 11. Qc2 bxc5 12. bxc5 Qc7 13. 0-0 e5 14. dxe5 Nxe5 15. Nxe5 Qxe5 16. Bb2 Qc7 17. Nb6 Rb8 18. Bxf6 Bxf6 19. Nxd5 Qd8 20. Nxf6+ Qxf6 21. Rab1 Ba6 22. Bxh7+ Kh8 23. Bd3 Bxd3 24. Qxd3 Qc6 25. Qd6 Qxd6 26. cxd6 Rfd8 27. Rxb8 Rxb8 28. Rd1 Rd8 29. f4 Kg8 30. Kf2 Kf8 31. Ke3 Ke8 32. d7+ Rxd7 33. Rxd7 Kxd7 34. Kd4 Kd6 35. g4 f6 36. h4 Kc6 37. a4 Kd6 38. h5 Ke6 39. Kc5 1-0